01877nam a2200529 i 450000100060000000300090000600500170001500800390003201500160007102000150008703500230010203500360012503500140016103500210017503500230019603500440021904000280026304100080029104600090029908000270030808000090033524501250034426000920046930000210056133600270058233700540060933800280066338000160069138800100070750400260071764800140074364800140075764800100077165000330078165100110081465500220082565800510084770000300089870000440092871000570097285600980102994200120112799900170113995200560115695200740121295200610128645780KOSZ 00520240405063150.0050112s2004 pl f |000 0 pol aPB 2005/486 a8389073749 a991025758559705066 a(PL-WaBN)b17014359-48omnis_nlop ab17014359 a(OCoLC)749540233 a(PL)b0000001701435 a(EXLNZ-48OMNIS_NETWORK)9910375884105606 aWA NcWA NdKOSZ 005/HR0 apol k2004 a352/353(438)"1989/..." a(07)00aABC samorządu terytorialnego /cpod red. Agnieszki Korzeniowskiej ; [poszczeg. cz. oprac.] Maria Karlikowska [et al.]. aBydgoszcz :b"Branta" ;aŁódź :bWyższa Szkoła Administracji Publicznej,c2004. a296 s. ;c24 cm. 2rdacontentaTekstbtxt 2rdamediaaBez urządzenia pośredniczącegobn 2rdacarrieraWoluminbnc aKsiążki a2001- aBibliogr. s. 290-294. 7a1901-2000 7a1989-2000 7a2001- 7aSamorząd terytorialny2DBN 7aPolska 7aPodręcznik2DBN aPolityka, politologia, administracja publiczna1 aKarlikowska, MariaeAutor1 aKorzeniowska-Polak, AgnieszkaeRedakcja2 aAgencja Marketingowa, Oficyna Wydawnicza Branta4pbl uhttp://koha.tu.koszalin.pl/cgi-bin/koha/opac-detail.pl?biblionumber=45780yKatalog online BPK 2UKDcKS c45780d45780 00104071aBPKbBPKcco74897p02241975t35 ApyKS 00104071aBPKbBPKceho74898p02241968s2017-12-20t352/353 StyKS 00104070aBPKbBPKcwo74899p02241951s2021-04-02yKS